Matemáticas
Guardado en:
| Autor principal: | |
|---|---|
| Formato: | Desconocido |
| Lenguaje: | español |
| Publicado: |
1-Madrid,España
Librería Enrique Prieto
1940
|
| Catálogo: | MANES: Resultados de Búsqueda del Catálogo |
| Clasificación de libros de texto: |
|
| Colección: | Publicaciones Didácticas y Científicas
|
| Etiquetas: |
Agregar Etiqueta
Sin Etiquetas, Sea el primero en etiquetar este registro!
|
| Añadido a: | 2016-04-26 |
| Cambiado en: | 2025-05-07 |
MARC
| LEADER | 000000000a22000000004500 | ||
|---|---|---|---|
| 001 | 15375 | ||
| 003 | OSt | ||
| 005 | 20250507134336.0 | ||
| 008 | 160427s sp ||||| |||| 00| 0 spa d | ||
| 041 | 1 | |a spa | |
| 040 | |c centro_manes | ||
| 561 | |5 es-BUNED |3 LT 2158 |a España. Fondo Manes UNED |k MANES | ||
| 691 | 0 | |a SE | |
| 100 | 1 | |a Manuel Gómez-Pallete y Mezquita, S.J |b Autor |9 11439 | |
| 245 | 0 | 0 | |a Matemáticas |
| 260 | 3 | |a 1-Madrid,España |b Librería Enrique Prieto |c 1940 | |
| 300 | |a 202 p. |c 21 x 15 cm. | ||
| 440 | |a Publicaciones Didácticas y Científicas |9 11440 | ||
| 500 | |a nivel: Libro para cuarto curso de Bachillerato. |a Signatura topográfica: L.T. 2158. El libro se divide en dos partes: La primera está dedicada a la Ampliación del Álgebra y la segunda a la Ampliación de la Geometría. En la página 5 hay una Dedicatoria que dice "A mi padre y a mi hermano Alfonso, mártires por Dios y por España. En la página 7 se incluye un Prólogo del autor. Es de pasta blanda. | ||
| 690 | 0 | |a MATE | |
| 942 | |2 ddc |c BK | ||
| 546 | |a España | ||
| 999 | |c 21349 |d 21349 | ||
| 999 | |c manes:21349 |d 21349 | ||